000 00304nam a2200121Ia 4500
008 190722s9999 xx 000 0 und d
020 _a978-93-325-5959-2
100 _aDeitel, Deitel
245 0 _aC++ How To Program
260 _aIndia
_bPearson (Indian Ed.) Pvt. Ltd.
_c2016
300 _a1062
942 _cBK
999 _c239
_d239